| 000 | 00544nam a2200181Ia 4500 | ||
|---|---|---|---|
| 005 | 20250508162412.0 | ||
| 008 | 008 250505s9999 xx 000 0 eng d | ||
| 037 | _aTextual | ||
| 040 |
_aFEDL _beng _cFEDL |
||
| 041 |
_aeng _2eng |
||
| 084 |
_a759.954, ARC _qFEDL |
||
| 100 | _aArcher Mildred | ||
| 245 | 0 | _aIndian popular painting in the India office library | |
| 260 |
_aNew Delhi, India _bUBS Publishers Distributors Pvt. Ltd. _c1977 |
||
| 300 | _axii,196p. | ||
| 942 |
_cTEXL _h759.954, ARC |
||
| 999 |
_c1376315 _d1376315 |
||